[Event "Tiznit rapid op"]
[Site "Tiznit"]
[Date "2019.07.28"]
[Round "8"]
[White "Arrami, Mohamed"]
[Black "Daoudi, Kamal"]
[Result "0-1"]
[WhiteElo "2168"]
[BlackElo "2171"]
[PlyCount "92"]
[EventDate "2019.07.27"]
[EventType "swiss (rapid)"]
[EventRounds "9"]
[EventCountry "MAR"]
[SourceTitle "CBM 191 Extra"]
[Source "ChessBase"]
[SourceDate "2019.09.30"]
[SourceVersion "1"]
[SourceVersionDate "2019.09.30"]
[SourceQuality "1"]

1. e4 e5 2. Nf3 Nc6 3. d4 exd4 4. Bc4 d6 5. Nxd4 Nf6 6. Nc3 Be7 7. 0-0 0-0 8. Bf4 Re8 9. Nxc6 bxc6 10. Re1 Rb8 11. b3 Nd7 12. Be3 Bf6 13. Bd4 Ne5 14. Bxe5 Bxe5 15. Qf3 Qf6 16. Qxf6 Bxf6 17. Re3 d5 18. e5 Bg5 19. Rg3 Bh4 20. Bd3 Bxg3 21. hxg3 Rxe5 22. f4 Re7 23. Kf2 Bg4 24. Na4 Rbe8 25. Nc5 g6 26. Ba6 Re3 27. Bd3 Bf5 28. Bxf5 gxf5 29. Nd7 Re2+ 30. Kf1 Kg7 31. Rc1 Rd2 32. Ne5 Kf6 33. Nd7+ Kg6 34. Ne5+ Kg7 35. Nf3 Rde2 36. Nd4 R2e4 37. Nxf5+ Kf6 38. Nh4 Re3 39. g4 h6 40. Nf5 R3e4 41. g3 h5 42. Nh6 Kg6 43. g5 f6 44. f5+ Kxg5 45. Nf7+ Kxf5 46. Kg2 Kg6 0-1

[Event "Rabat Blitz Marathon 6th"]
[Site "Rabat"]
[Date "2015.05.16"]
[Round "13"]
[White "Daoudi, Kamal"]
[Black "L'Ami, Erwin"]
[Result "0-1"]
[WhiteElo "2129"]
[BlackElo "2635"]
[PlyCount "68"]
[EventDate "2015.05.16"]
[EventType "swiss (blitz)"]
[EventRounds "21"]
[EventCountry "MAR"]
[SourceTitle "CBM 166 Extra"]
[Source "ChessBase"]
[SourceDate "2015.06.18"]
[SourceVersion "1"]
[SourceVersionDate "2015.06.18"]
[SourceQuality "1"]

1. e4 e5 2. Nf3 Nc6 3. Bb5 Nf6 4. 0-0 Bc5 5. Nxe5 Nxe5 6. d4 c6 7. dxe5 Nxe4 8. Bd3 d5 9. Bxe4 dxe4 10. Qxd8+ Kxd8 11. Nc3 Bf5 12. Re1 Bb4 13. Bd2 Bxc3 14. Bxc3 Ke7 15. Rad1 Rhd8 16. h3 h5 17. Kh2 Ke6 18. Kg3 e3 19. fxe3 Bxc2 20. Rd4 c5 21. Rf4 b6 22. Ref1 Bg6 23. Kh4 Rd3 24. R4f3 a5 25. a3 b5 26. e4 Rd7 27. R3f2 b4 28. Be1 Bxe4 29. Bd2 Bg6 30. Bf4 Rd4 31. Kg5 h4 32. g4 hxg3 33. Bxg3 Rh8 34. Rf4 Kxe5 0-1

[Event "Rabat Blitz Marathon 6th"]
[Site "Rabat"]
[Date "2015.05.16"]
[Round "16"]
[White "Daoudi, Kamal"]
[Black "Van Wely, Loek"]
[Result "0-1"]
[WhiteElo "2129"]
[BlackElo "2653"]
[PlyCount "92"]
[EventDate "2015.05.16"]
[EventType "swiss (blitz)"]
[EventRounds "21"]
[EventCountry "MAR"]
[SourceTitle "CBM 166 Extra"]
[Source "ChessBase"]
[SourceDate "2015.06.18"]
[SourceVersion "1"]
[SourceVersionDate "2015.06.18"]
[SourceQuality "1"]

1. e4 c5 2. Nf3 e6 3. d4 cxd4 4. Nxd4 a6 5. Nc3 Qc7 6. Be3 Nf6 7. Bd3 b5 8. 0-0 Bb7 9. Qf3 d6 10. a4 b4 11. Nce2 Nbd7 12. Ng3 Be7 13. Qe2 Nc5 14. Bg5 h6 15. Bd2 h5 16. Bxb4 h4 17. Ngf5 exf5 18. Nxf5 g6 19. Nxe7 Qxe7 20. f3 h3 21. g4 0-0 22. Qe3 Rac8 23. Qh6 Nfd7 24. Bc3 Ne5 25. Bc4 Ne6 26. Bb3 Rxc3 27. bxc3 Nc5 28. Ba2 Qf6 29. Qxh3 Qf4 30. Kh1 Kg7 31. Qg2 Rh8 32. Rad1 Ned7 33. Bd5 Bxd5 34. Rxd5 Nf6 35. Rd2 Nxa4 36. Rfd1 Nxc3 37. Ra1 Nb5 38. Rad1 Nd7 39. Rxd6 Nxd6 40. Qe2 Nf8 41. e5 Nb5 42. c4 Nc7 43. Rd8 Nce6 44. Rc8 Qd4 45. Kg2 Nf4+ 46. Kg3 Nxe2+ 0-1

[Event "Rabat Blitz Marathon 5th"]
[Site "Rabat"]
[Date "2014.06.07"]
[Round "2"]
[White "Fridman, Daniel"]
[Black "Daoudi, Kamal"]
[Result "1-0"]
[WhiteElo "2627"]
[BlackElo "2135"]
[PlyCount "104"]
[EventDate "2014.06.07"]
[EventType "swiss (blitz)"]
[EventRounds "21"]
[EventCountry "MAR"]
[SourceTitle "CBM 160 Extra"]
[Source "ChessBase"]
[SourceDate "2014.07.01"]
[SourceVersion "1"]
[SourceVersionDate "2014.07.01"]
[SourceQuality "1"]

1. Nf3 Nf6 2. c4 e6 3. g3 d5 4. Bg2 Be7 5. 0-0 0-0 6. b3 c5 7. e3 Nc6 8. Nc3 d4 9. exd4 cxd4 10. Nb5 a6 11. Na3 e5 12. d3 Bg4 13. h3 Bh5 14. Re1 Bb4 15. Re2 e4 16. dxe4 d3 17. Re3 d2 18. Bb2 Re8 19. e5 Nd7 20. g4 Bg6 21. Nc2 Ba5 22. a3 Ndxe5 23. Nxe5 Nxe5 24. Bxe5 Rxe5 25. Rxe5 Bxc2 26. Qxc2 Qd4 27. Rd1 Qxe5 28. b4 Qe1+ 29. Bf1 Bb6 30. Qxd2 Bxf2+ 31. Kg2 Qxd2 32. Rxd2 Bh4 33. Rd7 Rb8 34. c5 Bf6 35. Bc4 Bb2 36. Rxf7 Kh8 37. Rf3 Rd8 38. Bd5 h6 39. Bxb7 Rd2+ 40. Rf2 Rd7 41. Rxb2 Rxb7 42. c6 Rc7 43. Rc2 Kg8 44. a4 Kf7 45. b5 axb5 46. axb5 Ke6 47. b6 Rc8 48. c7 Kd7 49. b7 Rxc7 50. Rd2+ Kc6 51. b8Q Rb7 52. Rc2+ Kd5 1-0

[Event "Gibraltar Masters 10th"]
[Site "Caleta"]
[Date "2012.01.29"]
[Round "6"]
[White "Mihajlov, Sebastian"]
[Black "Daoudi, Kamal"]
[Result "1-0"]
[WhiteElo "1974"]
[BlackElo "2165"]
[PlyCount "71"]
[EventDate "2012.01.24"]
[EventType "swiss"]
[EventRounds "10"]
[EventCountry "GGB"]
[SourceTitle "CBM 147"]
[Source "ChessBase"]
[SourceDate "2012.03.16"]
[SourceVersion "1"]
[SourceVersionDate "2012.03.16"]
[SourceQuality "1"]

1. d4 Nf6 2. c4 e6 3. Nf3 d5 4. g3 Be7 5. Bg2 0-0 6. cxd5 exd5 7. Nc3 c5 8. 0-0 h6 9. h3 Nc6 10. e3 Be6 11. dxc5 Bxc5 12. a3 Qd7 13. Kh2 Rad8 14. b4 Bb6 15. Na4 Bc7 16. Nc5 Qe7 17. Bb2 Ne4 18. Rc1 Bd6 19. Nxe4 dxe4 20. Nd4 f5 21. Rxc6 bxc6 22. Nxc6 Qg5 23. Nxd8 Rxd8 24. Qa1 Bc4 25. Rc1 Ba6 26. Be5 Bf8 27. Qa2+ Kh7 28. Qf7 Be2 29. Rc7 Bh5 30. Qe6 Rd2 31. Rc8 Rxf2 32. Rxf8 Bf3 33. Qg8+ Kg6 34. Qxg7+ Kh5 35. Qf7+ Qg6 36. g4+ 1-0

[Event "Gibraltar Challengers-A 10th"]
[Site "Caleta"]
[Date "2012.01.27"]
[Round "5"]
[White "Daoudi, Kamal"]
[Black "Lam, Daniel King Wai"]
[Result "0-1"]
[WhiteElo "2165"]
[BlackElo "2022"]
[PlyCount "86"]
[EventDate "2012.01.23"]
[EventType "swiss"]
[EventRounds "5"]
[EventCountry "GGB"]
[SourceTitle "CBM 146 Extra"]
[Source "ChessBase"]
[SourceDate "2012.02.29"]
[SourceVersion "1"]
[SourceVersionDate "2012.02.29"]
[SourceQuality "1"]

1. e4 e6 2. d4 d5 3. e5 c5 4. c3 Nc6 5. Nf3 Qb6 6. a3 c4 7. Nbd2 Bd7 8. Be2 Na5 9. 0-0 Qc6 10. Qe1 Be7 11. Bd1 Nh6 12. Bc2 Nf5 13. g4 Nh4 14. Nxh4 Bxh4 15. Qe3 Be7 16. f4 h5 17. g5 g6 18. Nf3 Kf8 19. Kh1 Kg7 20. Nh4 Nb3 21. Rb1 Nxc1 22. Rbxc1 b5 23. Rf2 a5 24. Rcf1 Rhf8 25. Qe2 b4 26. axb4 axb4 27. Rf3 Ra2 28. Bb1 Ra1 29. Rh3 Rh8 30. f5 exf5 31. Rg3 Be6 32. Bc2 Rxf1+ 33. Qxf1 bxc3 34. bxc3 Ra8 35. Ng2 Ra2 36. Bd1 Qb6 37. Nf4 Ra1 38. Rg1 Qb1 39. h4 Qe4+ 40. Kh2 Bd8 41. Qf2 Rc1 42. Re1 Qb1 43. Ne2 Rxd1 0-1

[Event "Gibraltar Masters 9th"]
[Site "Caleta"]
[Date "2011.01.31"]
[Round "7"]
[White "Cmilyte, Viktorija"]
[Black "Daoudi, Kamal"]
[Result "1-0"]
[WhiteElo "2526"]
[BlackElo "2155"]
[PlyCount "89"]
[EventDate "2011.01.25"]
[EventType "swiss"]
[EventRounds "10"]
[EventCountry "GGB"]
[SourceTitle "CBM 141"]
[Source "ChessBase"]
[SourceDate "2011.03.17"]
[SourceVersion "1"]
[SourceVersionDate "2011.03.17"]
[SourceQuality "1"]

1. d4 Nf6 2. c4 e6 3. Nc3 d5 4. cxd5 exd5 5. Bg5 Nbd7 6. e3 c6 7. Bd3 Be7 8. Qc2 0-0 9. Nge2 Re8 10. 0-0 Nf8 11. f3 h6 12. Bh4 Be6 13. Rad1 Rc8 14. Kh1 c5 15. dxc5 Rxc5 16. Qd2 Ng6 17. Bf2 Rc8 18. Nd4 Ne5 19. Nxe6 fxe6 20. Bb1 Nc4 21. Qe2 Qa5 22. Rc1 Bb4 23. Bh4 Nd7 24. f4 Nxb2 25. Nxd5 Rxc1 26. Rxc1 exd5 27. Qxb2 Rxe3 28. Rc8+ Bf8 29. h3 Nb6 30. Rb8 Qa4 31. Qc2 Qxf4 32. Qh7+ Kf7 33. Qg6+ Kg8 34. Qh7+ Kf7 35. Bg6+ Ke6 36. Qg8+ Ke5 37. Rxf8 Qxh4 38. Re8+ Kf4 39. Qf7+ Qf6 40. Qc7+ Kg5 41. Rxe3 Kxg6 42. Qc2+ Kg5 43. Rg3+ Kh4 44. Rg4+ Kh5 45. Qe2 1-0

[Event "Gibraltar Challengers-B 9th"]
[Site "Caleta"]
[Date "2011.01.29"]
[Round "1"]
[White "Daoudi, Kamal"]
[Black "Hauge, Lars Oskar"]
[Result "1/2-1/2"]
[WhiteElo "2155"]
[BlackElo "1942"]
[PlyCount "108"]
[EventDate "2011.01.29"]
[EventType "swiss"]
[EventRounds "5"]
[EventCountry "GGB"]
[SourceTitle "CBM 140 Extra"]
[Source "ChessBase"]
[SourceDate "2011.03.01"]
[SourceVersion "1"]
[SourceVersionDate "2011.03.01"]
[SourceQuality "1"]

1. e4 c5 2. Nf3 d6 3. d4 cxd4 4. Qxd4 Nc6 5. Bb5 Bd7 6. Bxc6 Bxc6 7. Nc3 e6 8. Bg5 Nf6 9. 0-0-0 Be7 10. Rhe1 0-0 11. Qd2 Qc7 12. Nd4 Rfd8 13. f3 Rab8 14. g4 b5 15. Nce2 a5 16. Ng3 Be8 17. Nh5 Nxh5 18. gxh5 Qd7 19. Rg1 f6 20. Bh6 g6 21. f4 f5 22. exf5 exf5 23. Nc6 Qxc6 24. Qd4 Bf8 25. Bxf8 Rb7 26. Bh6 Rc8 27. Rd2 Qc5 28. hxg6 hxg6 29. Bg5 Rbc7 30. Rgg2 Qxd4 31. Rxd4 Bc6 32. Rg3 Be4 33. c3 d5 34. Bf6 Rh7 35. h4 Kf7 36. Bg5 Rc4 37. b3 Rxd4 38. cxd4 Ke6 39. Rc3 Kd6 40. Bf6 Rb7 41. Rg3 Rc7+ 42. Kd1 Rc2 43. a3 Rg2 44. Rc3 Rg1+ 45. Ke2 Rg2+ 46. Kf1 Rc2 47. Rg3 Rc1+ 48. Kf2 Rc2+ 49. Ke1 Rg2 50. Be5+ Kd7 51. Rg5 Rxg5 52. fxg5 Bc2 53. b4 axb4 54. axb4 Ke6 1/2-1/2

[Event "Gibraltar Masters 9th"]
[Site "Caleta"]
[Date "2011.01.27"]
[Round "3"]
[White "Kuehnast, Volker"]
[Black "Daoudi, Kamal"]
[Result "0-1"]
[WhiteElo "1899"]
[BlackElo "2155"]
[PlyCount "168"]
[EventDate "2011.01.25"]
[EventType "swiss"]
[EventRounds "10"]
[EventCountry "GGB"]
[SourceTitle "CBM 141"]
[Source "ChessBase"]
[SourceDate "2011.03.17"]
[SourceVersion "1"]
[SourceVersionDate "2011.03.17"]
[SourceQuality "1"]

1. e4 e5 2. Nc3 Nf6 3. Bc4 Bc5 4. d3 Nc6 5. Nf3 d6 6. Bg5 h6 7. Bxf6 Qxf6 8. Nd5 Qg6 9. Qe2 Bg4 10. c3 Bb6 11. Ne3 Be6 12. Bb3 0-0 13. 0-0-0 a5 14. h3 Bxb3 15. axb3 a4 16. bxa4 Rxa4 17. Nh4 Qe6 18. Nd5 Ne7 19. Nxe7+ Qxe7 20. Qg4 Bxf2 21. Nf5 Qg5+ 22. Qxg5 hxg5 23. Kc2 g6 24. Ne7+ Kg7 25. Kb3 Raa8 26. Rhf1 Ba7 27. Nd5 c6 28. Nb4 f5 29. Ra1 f4 30. Nc2 Bb6 31. Ra4 Rxa4 32. Kxa4 d5 33. exd5 cxd5 34. Nb4 Rd8 35. Re1 Be3 36. Nc2 d4 37. c4 e4 38. dxe4 d3 39. Nb4 d2 40. Rd1 Rd4 41. Kb3 Rxe4 42. Na2 f3 43. Nc3 Rh4 44. gxf3 Rxh3 45. Rf1 Bd4 46. Kc2 Bxc3 47. bxc3 Rh2 48. Rg1 Kf6 49. Rg4 Rf2 50. Rd4 Rxf3 51. Kxd2 Rf4 52. Rd7 Rxc4 53. Rxb7 Rc8 54. Kd3 g4 55. Rb5 g5 56. c4 Kg6 57. c5 Kh5 58. Ke3 Rf8 59. c6 g3 60. Rb2 Kg4 61. c7 Re8+ 62. Kd4 Rc8 63. Rc2 Kh3 64. Rc5 g2 65. Rxg5 Kh2 66. Rh5+ Kg3 67. Rg5+ Kf3 68. Rg7 Rxc7 69. Rxc7 g1Q+ 70. Kd5 Qg5+ 71. Kc6 Ke4 72. Kb6 Kd4 73. Rd7+ Kc4 74. Rd1 Qc5+ 75. Kb7 Qe7+ 76. Kb6 Qf6+ 77. Kc7 Qf4+ 78. Kb6 Qe3+ 79. Kc7 Qa7+ 80. Kd6 Qc5+ 81. Ke6 Qe3+ 82. Kd6 Qf4+ 83. Ke7 Kc5 84. Re1 Qh4+ 0-1

[Event "Gibraltar Challengers-A 9th"]
[Site "Caleta"]
[Date "2011.01.26"]
[Round "3"]
[White "Tari, Aryan"]
[Black "Daoudi, Kamal"]
[Result "1-0"]
[WhiteElo "2097"]
[BlackElo "2155"]
[PlyCount "123"]
[EventDate "2011.01.24"]
[EventType "swiss"]
[EventRounds "5"]
[EventCountry "GGB"]
[SourceTitle "CBM 140 Extra"]
[Source "ChessBase"]
[SourceDate "2011.03.01"]
[SourceVersion "1"]
[SourceVersionDate "2011.03.01"]
[SourceQuality "1"]

1. e4 e5 2. Nf3 Nc6 3. Bb5 a6 4. Ba4 Nf6 5. 0-0 b5 6. Bb3 Be7 7. Re1 0-0 8. h3 d6 9. c3 Nb8 10. d4 Nbd7 11. Nbd2 Bb7 12. Bc2 Re8 13. Nf1 Bf8 14. Ng3 g6 15. b3 Bg7 16. d5 Nc5 17. Be3 c6 18. c4 Qc7 19. Qd2 a5 20. Red1 cxd5 21. cxd5 Qe7 22. a3 Rec8 23. b4 axb4 24. axb4 Na4 25. Bd3 Qe8 26. Rac1 Bxd5 27. exd5 e4 28. Be2 exf3 29. Bxf3 Nd7 30. Bd4 Rc4 31. Bxg7 Kxg7 32. Be2 Rxc1 33. Rxc1 Rb8 34. Rc7 Qd8 35. Qd4+ Ne5 36. Ra7 Qf6 37. Qd2 Qh4 38. Kh2 Nb6 39. Bxb5 Nc8 40. Ra5 Ne7 41. Kg1 Ng8 42. Nf1 Nf6 43. f4 Ned7 44. Qc3 Qxf4 45. Bxd7 Rxb4 46. Bc6 Rb1 47. Qd3 Rb2 48. Qe3 Qf5 49. Ra1 Qc2 50. Qf3 Ne4 51. Ne3 Rb1+ 52. Kh2 Qb2 53. Rxb1 Qxb1 54. Qf4 f5 55. Qh4 Qb2 56. Qe7+ Kh6 57. Qf8+ Kg5 58. h4+ Kh5 59. Qe7 h6 60. Qf7 Qe5+ 61. Kg1 Ng3 62. Qe6 1-0

[Event "Gibraltar Masters 9th"]
[Site "Caleta"]
[Date "2011.01.25"]
[Round "1"]
[White "Christiansen, Johan Sebastian"]
[Black "Daoudi, Kamal"]
[Result "0-1"]
[WhiteElo "1955"]
[BlackElo "2155"]
[PlyCount "88"]
[EventDate "2011.01.25"]
[EventType "swiss"]
[EventRounds "10"]
[EventCountry "GGB"]
[SourceTitle "CBM 141"]
[Source "ChessBase"]
[SourceDate "2011.03.17"]
[SourceVersion "1"]
[SourceVersionDate "2011.03.17"]
[SourceQuality "1"]

1. c4 Nf6 2. g3 e6 3. Bg2 d5 4. Nf3 Be7 5. 0-0 0-0 6. cxd5 exd5 7. d4 c6 8. Nc3 Nbd7 9. Re1 Re8 10. Qc2 Bf8 11. Bf4 g6 12. Rad1 Nh5 13. Bg5 f6 14. Bc1 f5 15. Bg5 Be7 16. Bxe7 Qxe7 17. Qb3 Ndf6 18. Ne5 Be6 19. Na4 Ne4 20. f3 Nd6 21. Nc5 Bf7 22. e3 Rac8 23. Rc1 b6 24. Ncd3 Nc4 25. Bh3 Be6 26. Qc2 c5 27. Qf2 Nxe5 28. Nxe5 c4 29. Bg2 Qd6 30. h3 b5 31. g4 Ng7 32. Qh4 Rf8 33. Red1 b4 34. e4 fxe4 35. fxe4 dxe4 36. Bxe4 Bd5 37. Bb1 Ba8 38. Qg3 Qd5 39. Kh2 Ne6 40. h4 Nxd4 41. h5 Qxe5 42. Rxd4 Rf2+ 43. Kh3 Bg2+ 44. Kh4 g5# 0-1

[Event "Gibraltar Challengers-B 8th"]
[Site "Caleta"]
[Date "2010.02.02"]
[Round "3"]
[White "Daoudi, Kamal"]
[Black "Hamer, Martyn"]
[Result "1-0"]
[WhiteElo "2155"]
[BlackElo "2039"]
[PlyCount "43"]
[EventDate "2010.01.31"]
[EventType "swiss"]
[EventRounds "5"]
[EventCountry "GGB"]
[SourceTitle "EXT 2011"]
[Source "ChessBase"]
[SourceDate "2010.11.26"]
[SourceVersion "1"]
[SourceVersionDate "2010.11.26"]
[SourceQuality "1"]

1. e4 e5 2. Nf3 Nf6 3. Nxe5 d6 4. Nf3 Nxe4 5. Bd3 Nc5 6. Be2 d5 7. d4 Ne4 8. 0-0 Bd6 9. c4 dxc4 10. Bxc4 0-0 11. Re1 Nf6 12. h3 h6 13. Nc3 Nbd7 14. Qc2 Nb6 15. Bb3 c6 16. Bxh6 gxh6 17. Qg6+ Kh8 18. Qxh6+ Nh7 19. Bc2 f5 20. Nh4 Qf6 21. Ng6+ Kg8 22. Bb3+ 1-0

[Event "Gibraltar Challengers-B 8th"]
[Site "Caleta"]
[Date "2010.02.01"]
[Round "2"]
[White "Jayakumar, Adarsh"]
[Black "Daoudi, Kamal"]
[Result "1/2-1/2"]
[WhiteElo "2090"]
[BlackElo "2155"]
[PlyCount "76"]
[EventDate "2010.01.31"]
[EventType "swiss"]
[EventRounds "5"]
[EventCountry "GGB"]
[SourceTitle "EXT 2011"]
[Source "ChessBase"]
[SourceDate "2010.11.26"]
[SourceVersion "1"]
[SourceVersionDate "2010.11.26"]
[SourceQuality "1"]

1. d4 Nf6 2. c4 e6 3. g3 d5 4. Bg2 Be7 5. Nf3 0-0 6. 0-0 dxc4 7. Qc2 a6 8. Qxc4 b5 9. Qc2 Bb7 10. Bd2 Ra7 11. a3 Be4 12. Qc1 Nbd7 13. Nc3 Ba8 14. Rd1 c5 15. Bg5 Qb6 16. Qd2 cxd4 17. Nxd4 Bxg2 18. Kxg2 Nc5 19. Qe3 Ng4 20. Qf4 f5 21. b4 e5 22. Qf3 e4 23. Qf4 Nd3 24. exd3 Bxg5 25. Qxg5 Qxd4 26. Nxe4 fxe4 27. Qxg4 Rxf2+ 28. Kh1 Qb2 29. Qc8+ Kf7 30. Rf1 e3 31. Qh3 Re7 32. Rac1 Qe5 33. Rxf2+ exf2 34. Rf1 Kg8 35. Rxf2 Qd5+ 36. Kg1 Re1+ 37. Rf1 Qd4+ 38. Kh1 Qd5+ 1/2-1/2

[Event "Gibraltar Masters 8th"]
[Site "Caleta"]
[Date "2010.02.01"]
[Round "7"]
[White "Nezad, Husein Aziz"]
[Black "Daoudi, Kamal"]
[Result "1-0"]
[WhiteElo "2408"]
[BlackElo "2142"]
[PlyCount "75"]
[EventDate "2010.01.26"]
[EventType "swiss"]
[EventRounds "10"]
[EventCountry "GGB"]
[SourceTitle "CBM 134 Extra"]
[Source "ChessBase"]
[SourceDate "2010.03.03"]
[SourceVersion "1"]
[SourceVersionDate "2010.03.03"]
[SourceQuality "1"]

1. e4 e5 2. Nf3 Nc6 3. Bb5 a6 4. Ba4 Nf6 5. 0-0 b5 6. Bb3 Be7 7. Re1 0-0 8. d3 d6 9. c3 Be6 10. Bc2 d5 11. Nbd2 dxe4 12. dxe4 Bc5 13. h3 h6 14. Nh2 Ne7 15. Qf3 Ng6 16. Ndf1 Qe7 17. Ne3 Bxe3 18. Bxe3 c5 19. Nf1 Rad8 20. Bc1 c4 21. b4 Bc8 22. a4 Bb7 23. axb5 axb5 24. Ra5 Bc6 25. Be3 Bxe4 26. Bxe4 Nh4 27. Bh7+ Kxh7 28. Qc6 Nd5 29. Qxb5 Nxc3 30. Qxc4 Rc8 31. Rc5 Rxc5 32. bxc5 f5 33. Qxc3 f4 34. Bd2 e4 35. Qc2 Qg5 36. Qxe4+ Kh8 37. c6 Rf7 38. c7 1-0

[Event "Gibraltar Challengers-B 8th"]
[Site "Caleta"]
[Date "2010.01.31"]
[Round "1"]
[White "Daoudi, Kamal"]
[Black "Jameson, David"]
[Result "1-0"]
[WhiteElo "2155"]
[BlackElo "2053"]
[PlyCount "75"]
[EventDate "2010.01.31"]
[EventType "swiss"]
[EventRounds "5"]
[EventCountry "GGB"]
[SourceTitle "EXT 2011"]
[Source "ChessBase"]
[SourceDate "2010.11.26"]
[SourceVersion "1"]
[SourceVersionDate "2010.11.26"]
[SourceQuality "1"]

1. e4 e5 2. Nf3 Nc6 3. Bb5 Nf6 4. 0-0 Nxe4 5. d4 Nd6 6. dxe5 Nxb5 7. a4 Nd6 8. Bg5 Be7 9. exd6 Bxg5 10. Re1+ Be7 11. dxe7 Nxe7 12. Qe2 d6 13. Ra3 Be6 14. Ng5 Qd7 15. Nc3 0-0-0 16. a5 Nc6 17. a6 b6 18. Nb5 Rde8 19. Re3 Kd8 20. f4 h6 21. Nxe6+ Rxe6 22. Rxe6 Qxe6 23. Qxe6 fxe6 24. Rxe6 Nb8 25. Rg6 Rh7 26. Nxa7 Nxa6 27. Nc6+ Kd7 28. Nd4 Nb4 29. Kf2 Ke7 30. Kf3 Nd5 31. Ke4 Nf6+ 32. Kf5 Kf7 33. c4 h5 34. Ne6 Rh6 35. Rxg7+ Ke8 36. Nxc7+ Kf8 37. Ne6+ Ke8 38. Kg5 1-0

[Event "Gibraltar Challengers-A 8th"]
[Site "Caleta"]
[Date "2010.01.28"]
[Round "3"]
[White "Daoudi, Kamal"]
[Black "Jayakumar, Adarsh"]
[Result "0-1"]
[WhiteElo "2142"]
[BlackElo "2090"]
[PlyCount "84"]
[EventDate "2010.01.26"]
[EventType "swiss"]
[EventRounds "5"]
[EventCountry "GGB"]
[SourceTitle "CBM 134 Extra"]
[Source "ChessBase"]
[SourceDate "2010.03.03"]
[SourceVersion "1"]
[SourceVersionDate "2010.03.03"]
[SourceQuality "1"]

1. e4 c5 2. Nf3 Nc6 3. d4 cxd4 4. Nxd4 Nf6 5. Nc3 e5 6. Ndb5 d6 7. Bg5 a6 8. Na3 b5 9. Bxf6 gxf6 10. Nd5 Bg7 11. Qh5 Ne7 12. Ne3 f5 13. exf5 e4 14. 0-0-0 0-0 15. g3 d5 16. Qg5 Qd6 17. Bg2 Kh8 18. c3 b4 19. Nac4 Qf6 20. Qxf6 Bxf6 21. Nb6 Rb8 22. Nbxd5 Nxd5 23. Rxd5 bxc3 24. b3 Kg7 25. Kc2 Bb7 26. Rd7 Rfe8 27. Rhd1 Bc6 28. R7d6 Bb5 29. Bf1 a5 30. Bxb5 Rxb5 31. R1d5 Rxd5 32. Nxd5 Be5 33. Rc6 Bd4 34. f6+ Kg6 35. Ne7+ Kg5 36. Nd5 Bxf2 37. Nxc3 Bd4 38. Ne2 Bxf6 39. h4+ Kg6 40. g4 Kg7 41. g5 Bd8 42. Kd2 f6 0-1

[Event "Gibraltar Challengers"]
[Site "Gibraltar"]
[Date "2009.02.02"]
[Round "2"]
[White "Daoudi, Kamal"]
[Black "Demac, Elias"]
[Result "0-1"]
[WhiteElo "2209"]
[BlackElo "1993"]
[PlyCount "134"]
[EventDate "2009.02.01"]
[EventType "swiss"]
[EventRounds "5"]
[EventCountry "ENG"]
[SourceTitle "CBM 128 Extra"]
[Source "ChessBase"]
[SourceDate "2009.03.05"]
[SourceVersion "2"]
[SourceVersionDate "2009.03.25"]
[SourceQuality "1"]

1. e4 d5 2. exd5 Nf6 3. Nf3 Nxd5 4. d4 g6 5. c4 Nb6 6. Be3 Bg7 7. h3 0-0 8. Be2 Nc6 9. Nc3 e5 10. d5 Ne7 11. 0-0 f5 12. Bg5 h6 13. Bxe7 Qxe7 14. Qb3 e4 15. Nh2 Kh7 16. a4 Be5 17. f4 Bd4+ 18. Kh1 g5 19. Nb5 Bf6 20. a5 Nd7 21. Qa3 Nc5 22. Rad1 gxf4 23. Rxf4 Be5 24. Rff1 a6 25. Nd4 Bd6 26. b4 Qe5 27. Nhf3 exf3 28. Nxf3 Qxe2 29. bxc5 Rg8 30. Rg1 Bg3 31. Rd2 Qxc4 32. d6 cxd6 33. cxd6 Bd7 34. Rc1 Qe6 35. Nd4 Qxd6 36. Qxd6 Bxd6 37. Nf3 Rg6 38. Nh4 Rf6 39. Rcd1 Raf8 40. Rxd6 Rxd6 41. Rxd6 Bc6 42. Ng6 Re8 43. Nh4 Re5 44. Rf6 Rxa5 45. Nxf5 Kg8 46. Nxh6+ Kg7 47. Re6 Ra2 48. Rd6 Bxg2+ 49. Kh2 Bc6+ 50. Kg3 Rg2+ 51. Kf4 a5 52. Nf5+ Kf7 53. h4 a4 54. h5 Rh2 55. h6 a3 56. Rd3 a2 57. Ra3 Kg6 58. Rg3+ Kf6 59. Ra3 Bd5 60. Ne3 Be6 61. Ng4+ Bxg4 62. Kxg4 Kg6 63. Kg3 Rb2 64. Kf3 Kxh6 65. Ke3 b5 66. Kd3 b4 67. Ra6+ Kg5 0-1

[Event "Gibraltar Masters 7th"]
[Site "Gibraltar"]
[Date "2009.02.02"]
[Round "7"]
[White "Daoudi, Kamal"]
[Black "Fryer, David William"]
[Result "1-0"]
[WhiteElo "2209"]
[BlackElo "2080"]
[PlyCount "77"]
[EventDate "2009.01.27"]
[EventType "swiss"]
[EventRounds "10"]
[EventCountry "ENG"]
[SourceTitle "CBM 128 Extra"]
[Source "ChessBase"]
[SourceDate "2009.03.05"]
[SourceVersion "2"]
[SourceVersionDate "2009.03.25"]
[SourceQuality "1"]

1. e4 e5 2. Nf3 Nc6 3. d4 exd4 4. c3 d5 5. exd5 Qxd5 6. cxd4 Bb4+ 7. Nc3 Nge7 8. Be2 0-0 9. 0-0 Bxc3 10. bxc3 Ng6 11. c4 Qd6 12. d5 Nce7 13. Rb1 c6 14. dxc6 Qxd1 15. Rxd1 Nxc6 16. Be3 Re8 17. h3 Rb8 18. Nd4 Nxd4 19. Rxd4 Be6 20. c5 b6 21. c6 Ne7 22. c7 Rbc8 23. Bb5 Rf8 24. Bf4 Nd5 25. Rc1 Nxf4 26. Rxf4 g5 27. Rd4 Kg7 28. f3 Rh8 29. a3 h6 30. Kf2 Rhf8 31. Ra4 a5 32. Rd4 h5 33. Rd6 g4 34. hxg4 hxg4 35. Rxb6 gxf3 36. gxf3 Kf6 37. Bd7 Ke7 38. Bxc8 Rxc8 39. Rb8 1-0

[Event "Gibraltar Masters 7th"]
[Site "Gibraltar"]
[Date "2009.01.31"]
[Round "5"]
[White "Daoudi, Kamal"]
[Black "Lumsdon, Andrew"]
[Result "1-0"]
[WhiteElo "2209"]
[BlackElo "2051"]
[PlyCount "61"]
[EventDate "2009.01.27"]
[EventType "swiss"]
[EventRounds "10"]
[EventCountry "ENG"]
[SourceTitle "CBM 128 Extra"]
[Source "ChessBase"]
[SourceDate "2009.03.05"]
[SourceVersion "2"]
[SourceVersionDate "2009.03.25"]
[SourceQuality "1"]

1. e4 c6 2. d4 d5 3. Nc3 dxe4 4. Nxe4 Nf6 5. Nxf6+ gxf6 6. c3 Bf5 7. Bc4 Qc7 8. Ne2 Nd7 9. Ng3 Bg6 10. f4 f5 11. 0-0 e6 12. a4 h5 13. b4 h4 14. Nh1 Be7 15. Nf2 Nf6 16. Nd3 Ne4 17. Bb2 Bh5 18. Qe1 0-0-0 19. Ne5 Rdg8 20. Bd3 Nf6 21. c4 Rh7 22. d5 cxd5 23. cxd5 Qb6+ 24. Kh1 Nxd5 25. Rc1+ Kd8 26. Nc4 Qxb4 27. Qe5 Ke8 28. Qb8+ Bd8 29. Nd6+ Ke7 30. Nxf5+ Ke8 31. Bb5+ 1-0

[Event "Gibraltar Challengers1"]
[Site "Gibraltar"]
[Date "2009.01.30"]
[Round "4"]
[White "Wheldon, Philip"]
[Black "Daoudi, Kamal"]
[Result "1/2-1/2"]
[WhiteElo "2094"]
[BlackElo "2209"]
[PlyCount "71"]
[EventDate "2009.01.27"]
[EventType "tourn"]
[EventRounds "5"]
[EventCountry "ENG"]
[SourceTitle "EXT 2010"]
[Source "ChessBase"]
[SourceDate "2010.11.25"]
[SourceVersion "1"]
[SourceVersionDate "2010.11.25"]
[SourceQuality "1"]

1. e4 e5 2. Nf3 Nc6 3. Bb5 a6 4. Bxc6 dxc6 5. 0-0 f6 6. d4 Bg4 7. c3 exd4 8. cxd4 Bxf3 9. Qxf3 Qxd4 10. Rd1 Qc4 11. Bf4 Qf7 12. Qg3 Rc8 13. Qe3 b6 14. Nd2 g5 15. Bg3 Qe6 16. Nb3 c5 17. Qe2 h5 18. h3 h4 19. Bh2 Ne7 20. Qxa6 Qxe4 21. Re1 Qf5 22. Rad1 g4 23. hxg4 Qxg4 24. f3 Qf5 25. Qb5+ c6 26. Qxb6 Rg8 27. Qxc5 Qxf3 28. Qf2 Qxf2+ 29. Kxf2 Ra8 30. a3 Rd8 31. Rxd8+ Kxd8 32. Nc5 Bh6 33. Re4 Nd5 34. Kf3 Bc1 35. Ra4 Rg5 36. Ne6+ 1/2-1/2